000 00475cam a2200181ua 4500
020 _a0 07 463132 2
_c360.00
041 _aeng
_h
082 _a028.702
_bTAR/GE
100 _aTarachand, .
245 _aGeneral studies manual /
_cTarachand.
_hTextual Documents
250 _a12 /
_b.
260 _aNew Delhi :
_bTata Mc-Graw Hill Publishing Company ,
_c1997.
300 _a1153 ; .
365 _a360.00
504 _a
942 _cBK
999 _c8040
_d8040